000 00765nam a2200193 a 4500
005 20140412111359.0
008 060126s19uu xx 00 eng d
020 _a0-439-62809-1
050 _aTR(PS E
_bIs3 2004
100 _aParker, David
245 _aI show respect! /
_cby David Parker ; illustrated by Gioia Fiammenghi.
260 _aNew York :
_bScholastic Inc,
_c2004.
300 _a1 v. (unp.) ; ill.
440 _aThe Best I Can Be
520 _aRespect is a very difficult concept to explain to children. They need to learn some behavior associated with it. The goal here through repetition to teach., review, reinforce some behaviors of respect.
650 _aRespectfulness
_xFiction
650 _aBehavior
_xChildren stories
999 _c105440
_d105440